| 000 | 00779nam a2200265Ia 4500 | ||
|---|---|---|---|
| 001 | Para_2010 | ||
| 003 | CHAP | ||
| 008 | 220125s1989 xx 000 0 und d | ||
| 010 | _a198917 | ||
| 040 | _cCHAP | ||
| 082 | _aPA 595.7 R36 | ||
| 100 |
_aRamos-Elordy, Julieta _9164219 |
||
| 245 |
_aLos insectos comestibles en el México antiguo : _b estudio etnoentomológico / _c por Julieta Ramos-Elordy y José Manuel Pino Moreno |
||
| 260 |
_aMéxico, DF. : _b AGT |
||
| 300 | _a108 p. | ||
| 650 |
_aInsectos como alimento _958954 |
||
| 700 |
_aPino Moreno, José Manuel _988207 |
||
| 901 | _aPA 595.7 R36 | ||
| 902 | _aA | ||
| 905 | _a0000001989 a 0000000000 00 | ||
| 910 | _a1989 | ||
| 942 | _cPARA | ||
| 942 |
_cPARA _d1 |
||
| 999 |
_c198917 _d198917 |
||